000 00395nam a2200133Ia 4500
005 20260328101522.0
008 260328s9999||||xx |||||||||||||| ||und||
100 _aMorrow Ford, Katherine
245 4 _aThe American House today :
_b 85 notable examples selected and evaluated /
_cKatherine Morrow Ford
260 _bReinhold
300 _a239 p.
650 _aARQUITECTURA RESIDENCIAL
942 _cBK
999 _c9637
_d9637